Oakland Athletics Retired Numbers - Statistics

General Stats
  • This quiz has been taken 54 times
  • The average score is 6 of 8
Answer Stats
Number Years With A's Position Player % Correct
#24 1979-1984,1989-1995, 1998 OF Rickey Henderson
98%
#42 Never 1B, 2B, SS Jackie Robinson
88%
#43 1988-1992 P Dennis Eckersley
86%
#9 1968-1975, 1987 OF Reggie Jackson
86%
#27 1965-1974 P Jim "Catfish" Hunter
81%
#34 1968-1976 P Rollie Fingers
70%
#34 1986-1992 P Dave Stewart
51%
None 1980-1995 Manager Walter Haas, Jr.
0%
No matching quizzes found
Score Distribution
Percent of People with Each Score
Percentile by Number Answered
Your Score History
You have not taken this quiz